000 00284nam a2200109Ia 4500
008 200302s9999 xx 000 0 und d
100 _aHenri Stierlin
245 _aIslam Early Architecture from Baghdad to Cordoba
260 _bTaschen Verlog Gmbh
260 _c2002
300 _a240 P.,
999 _c2414
_d2414